Využitie ochrannej známky v marketingovej činnosti podniku bakalárska práca

Uložené v:
Podrobná bibliografia
Hlavný autor: Varga, Daniel
Korporativný autor: Podnikovohospodárska fakulta EU so sídlom v Košiciach. Katedra obchodného podnikania
Ďalší autori: Bobenič Hintošová, Aneta, 1979-
Médium: Kniha
Jazyk:Slovak
Vydavateľské údaje: Košice 2025
Tagy: Pridať tag
Žiadne tagy, Buďte prvý, kto otaguje tento záznam!

MARC

LEADER 00000nbm a2200000 4500
001 0310939
005 20260203130441.8
041 0 |a slo 
044 |a SK 
245 1 0 |a Využitie ochrannej známky v marketingovej činnosti podniku  |b bakalárska práca  |c Daniel Varga ; školiteľ: Aneta Bobenič Hintošová 
264 1 |a Košice  |c 2025 
300 |a 55 s. 
100 1 |a Varga, Daniel 
700 1 |a Bobenič Hintošová, Aneta, 1979- 
710 2 |a Podnikovohospodárska fakulta EU so sídlom v Košiciach. Katedra obchodného podnikania